How low can you go? (Record no. 74433)

MARC details
000 -LEADER
fixed length control field 01472cab a2200217 4500
001 - CONTROL NUMBER
control field ABS67925
008 - FIXED-LENGTH DATA ELEMENTS--GENERAL INFORMATION
fixed length control field 040622n2004 000 0 eng u
035 ## - SYSTEM CONTROL NUMBER
System control number (Sirsi) u126546
100 ## - MAIN ENTRY--PERSONAL NAME
Personal name Dyer, C.
245 ## - TITLE STATEMENT
Title How low can you go?
260 ## - PUBLICATION, DISTRIBUTION, ETC.
Date of publication, distribution, etc. 2004
490 ## - SERIES STATEMENT
Series statement Health and Safety Bulletin
Volume/sequential designation (329) June 2004, 15-18(4)
520 ## - SUMMARY, ETC.
Summary, etc. Reviews the requirements of the draft noise regulations due to come into force early 2006. The Control of Noise at Work Regulations 2005 will implement the physical agents (noise) directive 2003" (Directive 2003/10/EC). They are expected to come into force by 15 February 2006. They are designed to stop people exposed to noise at work from damaging their hearing and to protect against the health and safety risks that result when instructions or warnings cannot be heard. Points out that the number of workers who will be covered by the regulations will double and the limits of exposure will lower. Advises carrying out risk assessments and acting on the findings. Suggests the setting up of hearing protection zones, where access is strictly restricted. Concludes that the new regulations may limit the health and safety risks of noise exposure at work, but monitoring of the results needs to be carried out.
590 ## - LOCAL NOTE (RLIN)
Local note ABS
650 ## - SUBJECT ADDED ENTRY--TOPICAL TERM
Topical term or geographic name entry element NOISE AT WORK REGULATIONS 1989
650 ## - SUBJECT ADDED ENTRY--TOPICAL TERM
Topical term or geographic name entry element DIRECTIVE 2003/10/EC
650 ## - SUBJECT ADDED ENTRY--TOPICAL TERM
Topical term or geographic name entry element NOISE ASSESSMENTS
650 ## - SUBJECT ADDED ENTRY--TOPICAL TERM
Topical term or geographic name entry element RISK ASSESSMENTS
690 ## - LOCAL SUBJECT ADDED ENTRY--TOPICAL TERM (OCLC, RLIN)
Topical term or geographic name as entry element Health and safety
9 (RLIN) 6244
942 ## - ADDED ENTRY ELEMENTS (KOHA)
Suppress in OPAC 0
Holdings
Withdrawn status Lost status Source of classification or shelving scheme Damaged status Not for loan Home library Current library Shelving location Date acquired Total Checkouts Full call number Barcode Date last seen Copy number Price effective from Koha item type
    Dewey Decimal Classification     London London Journal article 22/06/2004   ABS67925 126546-1001 06/08/2019 1 06/08/2019 Journal article